| 000 | 01107nam a2200301Ia 4500 | ||
|---|---|---|---|
| 001 | Para_1439 | ||
| 003 | CHAP | ||
| 008 | 220125s1999 xx 000 0 und d | ||
| 010 | _a200186 | ||
| 040 | _cCHAP | ||
| 090 | _aPA TESIS 1380 | ||
| 100 |
_aSánchez Arellano, Gilberto _9107330 |
||
| 245 |
_aEvaluación del manejo integrado para el control de la broca del fruto del cafeto Hypothenemus hampei Ferr., en la zona Cordoba-Huatus, Ver., México / _c por Gilberto Sánchez Arellano y Júan Carlos Hernández Rodríguez |
||
| 260 |
_aChapingo, Méx. : _b Los autores |
||
| 300 | _a76 h. | ||
| 502 | _aTesis (Ing. Agr. Esp. en Parasitología Agrícola), UACh. Depto. Parasitología | ||
| 650 |
_aCafé _x plagas _917181 |
||
| 650 |
_aManejo integrado de plagas _970365 |
||
| 700 |
_aHernández Rodríguez, Juan Carlos _9165083 |
||
| 710 |
_aUACh. Departamento de Parasitología Agrícola _9115877 |
||
| 901 | _aPA TESIS 1380 | ||
| 902 | _aA | ||
| 905 | _a0000001999 ian 0000000000 00 | ||
| 910 | _a1999 | ||
| 942 | _cPARA | ||
| 942 |
_cPARA _d1 |
||
| 999 |
_c200186 _d200186 |
||